| 000 | 00432nam a22001337a 4500 | ||
|---|---|---|---|
| 003 | SGT | ||
| 082 |
_a617.632 _bE25W |
||
| 100 | _aWadhwa, Viyanti | ||
| 245 |
_aEvaluation and comparison of Calcium coated versus conventional dental implants for their stability and crestal bone loss _bA Clinico-Radiographic study |
||
| 260 |
_aGurugram, Haryana _bSGT University _c2025 |
||
| 300 | _a75 | ||
| 650 | _aPeriodontology | ||
| 942 |
_2ddc _cTH |
||
| 999 |
_c32106 _d32106 |
||